000 00587nam a2200217 i 4500
001 C2-0240229
003 PPAK
005 20180727202932.0
008 020718s1935 si |||| ||||| | eng d
040 _aPPAK
_beng
_cPPAK
_erda
082 0 4 _a959.5104
_223
090 0 0 _a959.5104
_bMAL
_dKWI
245 0 0 _aMalayan Branch Royal Asiatic Society :
_bjournal.
264 1 _aSingapore :
_bMBRAS ,
_c1935
300 _a184 pages ;
_c24 cm
336 _2rdacontent
_atext
337 _2rdamedia
_aunmediated
338 _2rdacarrier
_avolume
650 1 0 _aMalaysia - History
942 _ddc
_cB
999 _c55451
_d55451